000 00531nam a22001937a 4500
003 KOHA_MİRAKIL
005 20251111133214.0
008 251111b tu ||||| |||| 00| 0 tur d
020 _a9786051980218
040 _aTR-AnABB
_btur
_cTR-AnABB
041 _atur
082 _a823.914
_bMCC 2018
100 1 _aMcCleen, Grace,
245 1 0 _aEn güzel ülke /
_cGrace McCleen
260 _aİstanbul :
_bDomingo Yayınevi,
_c2018
300 _a298 sayfa ;
_c21 cm
650 0 4 _aİngiliz edebiyatı, roman
942 _2ddc
_cBK
999 _c9356
_d9356
900 _bGizem YORULMAZ